书目信息 |
| 题名: |
中华人民共和国行业标准 公路水泥混凝土路面设计规范 JTJ 012-94
|
|
| 作者: | 交通部公路规划设计院 , 水泥混凝土路面技术委员会 主编 | |
| 分册: | ||
| 出版信息: | 北京 人民交通出版社 1995.07 |
|
| 页数: | 168页 | |
| 开本: | 32开 | |
| 丛书名: | ||
| 单 册: | ||
| 中图分类: | U412.216.1 | |
| 科图分类: | ||
| 主题词: | 道路工程 | |
| 电子资源: | ||
| ISBN: | ||
| 000 | 00850nam0 2200205 45 | |
| 001 | 0010030855 | |
| 005 | 20001003085136.8 | |
| 010 | @d13.50元 | |
| 100 | @a20001003d1995 km y0chiy0120 ea | |
| 101 | 0 | @achi |
| 105 | @a z 000yy | |
| 200 | 1 | @a中华人民共和国行业标准 公路水泥混凝土路面设计规范 JTJ 012-94@AZhong Hua Ren Min Gong He Guo Hang Ye Biao Zhun GongLu Shui Ni Hun Ning Tu Lu Mian She Ji Gui Fan JTJ 012-94@f交通部公路规划设计院,水泥混凝土路面技术委员会主编@FJiao Tong Bu Gong Lu Gui Hua She Ji Yuan,Shui Ni Hun Ning Tu Lu Mian Ji Shu Wei Yuan Hui Zhu Bian |
| 210 | @a北京@c人民交通出版社@d1995.07 | |
| 215 | @a168页@d32开 | |
| 606 | 0 | @a道路工程 |
| 690 | @aU412.216.1@v3 | |
| 701 | 0 | @a交通部公路规划设计院@4主编 |
| 701 | 0 | @a水泥混凝土路面技术委员会@4主编 |
| 801 | @aCN@bPftUser@c20001003 | |
| 905 | @b162634-638@dU412.216.1@eJ:072@f5 | |
| 中华人民共和国行业标准 公路水泥混凝土路面设计规范 JTJ 012-94/交通部公路规划设计院,水泥混凝土路面技术委员会主编.-北京:人民交通出版社,1995.07 |
| 168页;32开 |
| ISBN :13.50元 |
| ● |
| 相关链接 |
|
|
|
正题名:中华人民共和国行业标准公路水泥混凝土路面
索取号:U412.216.1/J:072
 
预约/预借
| 序号 | 登录号 | 条形码 | 馆藏地/架位号 | 状态 | 备注 |
| 1 | 162634 | 201626348 | 自科二线400A/400A自科库 35排1列1层/ [索取号:U412.216.1/J:072] | 在馆 | |
| 2 | 162635 | 201626357 | 自科二线400A/501自科库 51排2列2层/ [索取号:U412.216.1/J:072] | 在馆 | |
| 3 | 162636 | 201626366 | 期刊室512/501自科库 51排3列5层/ [索取号:U412.216.1/J:072] | 在馆 | |
| 4 | 162637 | 201626375 | 自科二线400A/400A自科库 35排1列1层/ [索取号:U412.216.1/J:072] | 在馆 | |
| 5 | 162638 | 201626384 | 期刊室512/501自科库 51排3列5层/ [索取号:U412.216.1/J:072] | 在馆 |